000 00448nam a2200181Ia 4500
003 STCL
008 221019s9999 xx 000 0 und d
020 _a978817100797X
040 _aSTCL
_cSTCL
_bEN
082 _222
100 _aSaxena, Shobha
245 0 _aCrimes against women and protective laws
260 _bDeep and Deep Publications
_aNew Delhi
_c2019
300 _a448 p
365 _b1550
546 _aEnglish
942 _cBK
_2DDC
_e22
999 _c88733
_d88733